000 01214nam0a22003011 4500
001 rc\2274640
005 20250623035854.0
035 _a(NLR Aleph) 006554931
090 _a6781016
_c6781016
100 _a20110829d1979 |||y0rusy50 ca
101 0 _arus
102 _aRU
105 _ay z |||||
200 1 _aВопросы совершенствования деятельности общественных организаций
_e[Сб. статей]
_fАН СССР, Ин-т социол. исслед., Сов. социол. ассоц.
_g[Отв. ред. Н.Н. Бокарев, А.А. Беляков]
210 _aМосква
_cИСИ
_d1979
215 _a159 с.
_d20
606 _aОбщественные организации в СССР
_2psbo
686 _aС556.68я43
_2rubbk
702 1 _aБеляков
_bА.А.
_4340
702 1 _aБокарев
_bН.Н.
_gНиколай Николаевич
_4340
712 0 2 _aИнститут социологических исследований
_cМосква
801 0 _aRU
_bNLR
_gpsbo
801 1 _aRU
_bELAR
_2rusmarc
852 _aNLR
_j80-3/4253
899 _aRuMoRGB
_jБ 79-33/165
899 _aRuMoRGB
_jБ 79-33/166
942 _cBOOK
980 _aNB